| 000 | 00586nam a22002177a 4500 | ||
|---|---|---|---|
| 003 | OSt | ||
| 005 | 20140310182950.0 | ||
| 008 | 130206t xxu||||| |||| 00| 0 eng d | ||
| 020 | _a9711105683 | ||
| 050 |
_aHF 5657.4 _b.M516 2005 |
||
| 100 | _aMejorada Nenita D. | ||
| 245 |
_aIntroduction to management accounting : _bfor non-accounting majors / _cMejorada, Nenita D. |
||
| 250 | _a2nd ed | ||
| 260 |
_aQuezon City ; _bJMC Press, _c2005. |
||
| 300 |
_a150 p. : _b ill. ; _c 24 cm. |
||
| 521 | _aBSA | ||
| 562 | _e2 | ||
| 942 |
_2lcc _cBK _kLOC |
||
| 999 |
_c17880 _d17880 |
||